[Event "TCh-SCG Men"]
[Site "Budva"]
[Date "2004.09.17"]
[Round "9"]
[White "Panic, Nenad"]
[Black "Zlatic, Mihajlo"]
[Result "1/2-1/2"]
[WhiteElo "2367"]
[BlackElo "2404"]
[PlyCount "149"]
[EventDate "2004.09.08"]
[Source "Roberto Alvarez"]
[SourceDate "2004.09.21"]

1. e3 c5 2. f4 g6 3. Nf3 Bg7 4. c3 Nf6 5. d4 b6 6. Bd3 Bb7 7. Nbd2 O-O 8. O-O Nc6 9. e4 cxd4 10. cxd4 Nb4 11. Bb1 Ba6 12. Re1 Nd3 13. Bxd3 Bxd3 14. Qb3 Ba6 15. e5 Ne8 16. Ne4 d6 17. Nfg5 dxe5 18. dxe5 Qd3 19. Qb4 h6 20. Nf3 Qd7 21. Be3 Nc7 22. Nc3 Bb7 23. Rad1 Nd5 24. Qb3 Rfd8 25. Rd4 e6 26. Ne4 Qe8 27. Bd2 Rac8 28. Ra4 Ra8 29. Nd6 Qe7 30. Rc4 Rxd6 31. exd6 Qxd6 32. Qa3 Qd8 33. Rcc1 Qf6 34. Bc3 Nxc3 35. Qxc3 Qxf4 36. Qc7 Qxc7 37. Rxc7 Bxf3 38. gxf3 Bxb2 39. Rd1 Be5 40. Rb7 Bf4 41. Rdd7 Rf8 42. Rxa7 Be3+ 43. Kg2 Kg7 44. Rd3 Bc5 45. Rc7 e5 46. a4 Bd4 47. f4 Ra8 48. fxe5 Bxe5 49. Rc4 Bf6 50. Rd7 g5 51. Kf3 Be5 52. h3 Kg6 53. Ke4 Bh2 54. Kf3 f6 55. Re7 Kf5 56. Re2 Bg1 57. Rb2 h5 58. Rb5+ Kg6 59. Kg2 Be3 60. Kf3 Re8 61. Re4 Rxe4 62. Kxe4 Bg1 63. Rf5 g4 64. hxg4 hxg4 65. Kf4 g3 66. Rb5 Bf2 67. Kf3 f5 68. a5 bxa5 69. Rxa5 Kg5 70. Ra8 Kf6 71. Rf8+ Ke6 72. Re8+ Kf7 73. Ra8 f4 74. Ra2 Be3 75. Rg2 1/2-1/2

[Event "6th Parsvnath Open"]
[Site "New Delhi IND"]
[Date "2008.01.19"]
[Round "9"]
[White "Ramakrishna, J."]
[Black "Thipsay, P."]
[Result "0-1"]
[WhiteElo "2296"]
[BlackElo "2473"]
[PlyCount "100"]
[EventDate "2008.01.13"]
[Source "www.chesslib.no"]
[SourceDate "2004.05.04"]

1. e3 g6 2. f4 Bg7 3. Nf3 Nf6 4. d4 O-O 5. Bd3 d6 6. Nbd2 Nc6 7. O-O e5 8. Bb5 e4 9. Ne1 Bg4 10. Be2 Bxe2 11. Qxe2 Ne7 12. g4 d5 13. Rf2 Qd7 14. Rg2 b6 15. Nf1 c5 16. c3 Rfc8 17. Nc2 a5 18. Bd2 Ne8 19. Be1 Nd6 20. Bh4 f6 21. Nd2 Qa4 22. Qd1 Qb5 23. Rb1 Qd3 24. Re2 Ra7 25. Bf2 Qb5 26. Nf1 Qa4 27. a3 Qd7 28. h3 c4 29. Be1 b5 30. Rg2 Nc6 31. Bd2 Rb8 32. Ng3 f5 33. Qe2 Kh8 34. Kh2 Qe6 35. Rbg1 Rg8 36. Be1 Bf6 37. Rh1 h6 38. Kg1 Rh7 39. Kh2 Ne7 40. Rhg1 fxg4 41. hxg4 h5 42. gxh5 Bh4 43. Rh1 g5 44. Kg1 gxf4 45. exf4 Bxg3 46. Bxg3 Ndf5 47. Bh2 Rxg2+ 48. Kxg2 Nh4+ 49. Kf2 Qh3 50. f5 Qg2+ 0-1

[Event "TCh-SCG Men"]
[Site "Budva"]
[Date "2004.09.11"]
[Round "4"]
[White "Panic, Nenad"]
[Black "Pap, Misa"]
[Result "1-0"]
[WhiteElo "2367"]
[BlackElo "2400"]
[PlyCount "179"]
[EventDate "2004.09.08"]
[Source "Roberto Alvarez"]
[SourceDate "2004.09.21"]

1. e3 c5 2. f4 g6 3. Nf3 Bg7 4. Be2 Nf6 5. O-O O-O 6. b3 Ne4 7. c3 Nc6 8. Bb2 d5 9. d4 Qa5 10. Nfd2 Nd6 11. Bf3 Nf5 12. Re1 Rd8 13. Nf1 b5 14. dxc5 b4 15. cxb4 Nxb4 16. Bxg7 Kxg7 17. a3 Nd3 18. Re2 Ba6 19. Rd2 Qxc5 20. Rxd3 Bxd3 21. Qxd3 Rac8 22. Nbd2 d4 23. e4 Ne3 24. Be2 Qc3 25. Rb1 Qxd3 26. Bxd3 Rc3 27. Bc4 Nc2 28. a4 Rb8 29. Rd1 Na3 30. Be2 d3 31. Bf3 Nc2 32. Rc1 Rbc8 33. Kf2 Nd4 34. Rxc3 Rxc3 35. Bd1 Rc1 36. Ke3 e5 37. fxe5 Nc6 38. Bg4 Nxe5 39. Bf3 a5 40. Kd4 f6 41. Ne3 Rc8 42. Nec4 Rd8+ 43. Ke3 Nc6 44. e5 Nxe5 45. Nxe5 fxe5 46. Be4 Rc8 47. Bxd3 Rc3 48. Ke2 Kf8 49. Bc4 Ke7 50. Ne4 Rc2+ 51. Kf3 h6 52. h4 Rc1 53. g3 Rd1 54. Nf2 Re1 55. Nd3 e4+ 56. Kf2 Rh1 57. Nc5 Kd6 58. Nxe4+ Ke5 59. Nc5 Kd6 60. Nd3 Rh2+ 61. Kf3 Rh1 62. Nf4 g5 63. hxg5 hxg5 64. Nd3 Rg1 65. Kg4 Rg2 66. Ne1 Rg1 67. Nf3 Rg2 68. Nxg5 Ke5 69. Kf3 Rc2 70. Ne4 Rh2 71. Nc5 Rh8 72. Ke3 Rh3 73. Nd3+ Kd6 74. Kf4 Rh8 75. g4 Rf8+ 76. Ke4 Rf1 77. g5 Rg1 78. Kf5 Ke7 79. g6 Kf8 80. Bf7 Kg7 81. Ke5 Rg5+ 82. Kd6 Kf6 83. Nc5 Rg4 84. Kc6 Ke5 85. Nd7+ Kd4 86. Kb6 Rg5 87. Nb8 Kc3 88. Nc6 Rxg6 89. Bxg6 Kxb3 90. Kxa5 1-0

[Event "Doeberl Cup"]
[Site "Canberra AUS"]
[Date "1994.??.??"]
[Round "5"]
[White "Solomon, Stephen J"]
[Black "Sandler, Leonid"]
[Result "1-0"]
[WhiteElo "2450"]
[BlackElo "2315"]
[PlyCount "79"]
[EventDate "1994.??.??"]
[Source "www.chesslib.no"]
[SourceDate "2004.05.04"]

1. e3 d5 2. b3 e5 3. d4 e4 4. c4 c6 5. f4 exf3 6. Nxf3 Nf6 7. Bd3 Bd6 8. O-O O-O 9. Nc3 Qe7 10. Qc2 Re8 11. Bd2 Na6 12. a3 Bxa3 13. Ng5 h6 14. Bh7+ Kf8 15. e4 hxg5 16. Bxg5 Nxh7 17. Bxe7+ Bxe7 18. e5 Kg8 19. cxd5 Nb4 20. Qf2 Rf8 21. d6 Bd8 22. Ne4 Nd5 23. Nc5 Bg5 24. Rae1 b6 25. Ne4 Bh6 26. Qh4 Ne3 27. Rf3 Nf5 28. Qf2 g6 29. g4 Ng7 30. Rh3 Nh5 31. Rxh5 gxh5 32. g5 Bg7 33. Nf6+ Kh8 34. h4 Bxf6 35. exf6 Bg4 36. Re7 Rad8 37. Qf4 Rd7 38. g6 fxg6 39. Qh6 Rf7 40. Re8+ 1-0

[Event "Deutschland"]
[Site "?"]
[Date "2004.11.28"]
[Round "3.4"]
[White "Vogler Tilmann"]
[Black "Gulbas Cemil"]
[Result "0-1"]
[WhiteElo "2318"]
[BlackElo "2444"]
[PlyCount "96"]
[EventDate "2004.??.??"]
[Source "www.chesslib.no"]
[SourceDate "2004.05.04"]

1. e3 g6 2. h4 Nf6 3. b3 c5 4. Bb2 Bg7 5. g4 d5 6. g5 Nh5 7. Bxg7 Nxg7 8. Bg2 d4 9. Ne2 Nc6 10. Qc1 Bg4 11. Ng3 Qc7 12. Na3 Ne5 13. f4 Nc6 14. O-O h6 15. Nc4 hxg5 16. hxg5 Ne6 17. Qe1 Nb4 18. Ne5 Bh3 19. Qe2 Bxg2 20. Kxg2 a6 21. Rh1 Rf8 22. c3 Nd5 23. Qf3 dxe3 24. dxe3 O-O-O 25. Ne4 f5 26. gxf6 exf6 27. Nxg6 Rg8 28. f5 Qe5 29. Kf2 Rxg6 30. fxg6 f5 31. Ng3 Nxc3 32. Rh7 Rd2+ 33. Ke1 Rd5 34. Rc1 Nxa2 35. Rd1 Rxd1+ 36. Kxd1 Qa1+ 37. Ke2 Nc1+ 38. Kf2 Nd3+ 39. Ke2 Nc1+ 40. Kd2 Nxb3+ 41. Kd3 c4+ 42. Ke2 Nc1+ 43. Kd2 c3+ 44. Ke1 Nd3+ 45. Ke2 Qe1+ 46. Kxd3 Qd2+ 47. Kc4 b5+ 48. Kb4 c2+ 0-1

[Event "5th Itau Cup, Sao Paulo BRA"]
[Site "?"]
[Date "2001.??.??"]
[Round "3"]
[White "Nogueira, I."]
[Black "Hoffman, A."]
[Result "0-1"]
[WhiteElo "2255"]
[BlackElo "2505"]
[PlyCount "58"]
[EventDate "2001.??.??"]
[Source "www.chesslib.no"]
[SourceDate "2004.05.04"]

1. e3 g6 2. c4 Bg7 3. Nc3 Nf6 4. g3 O-O 5. Bg2 d6 6. Nge2 Nc6 7. O-O Bd7 8. d4 a6 9. h3 Rb8 10. a4 a5 11. f4 e5 12. fxe5 dxe5 13. d5 Nb4 14. e4 Ne8 15. Be3 b6 16. Qd2 Nd6 17. b3 f5 18. exf5 gxf5 19. Bh6 Qf6 20. Bxg7 Qxg7 21. Kh2 Na6 22. Rae1 Nc5 23. Nc1 Kh8 24. Bf3 Rbe8 25. Rg1 Re7 26. Bd1 Rf6 27. g4 f4 28. Nd3 Rh6 29. Nxc5 Rxh3+ 0-1

[Event "Donau Open 5th"]
[Site "Aschach AUT"]
[Date "1996.??.??"]
[Round "7"]
[White "Knoll, Hermann"]
[Black "Lanka, Zigurds"]
[Result "0-1"]
[WhiteElo "2245"]
[BlackElo "2510"]
[PlyCount "40"]
[EventDate "1996.??.??"]
[Source "www.chesslib.no"]
[SourceDate "2004.05.04"]

1. e3 g6 2. d4 Bg7 3. Bd3 d6 4. c4 Nf6 5. Nc3 O-O 6. Nge2 Nbd7 7. Qc2 c5 8. Bd2 a6 9. O-O-O cxd4 10. exd4 e5 11. f3 b5 12. Ne4 bxc4 13. Bxc4 Nxe4 14. Qxe4 Nb6 15. Ba5 Bf5 16. Qb7 Bh6+ 17. f4 exf4 18. Bxb6 f3+ 19. Rd2 Bxd2+ 20. Kxd2 Qg5+ 0-1

[Event "Budapest Spring Open"]
[Site "Budapest HUN"]
[Date "1994.??.??"]
[Round "6"]
[White "Dobos, Jozsef"]
[Black "Danner, Georg"]
[Result "1-0"]
[WhiteElo "2315"]
[BlackElo "2440"]
[PlyCount "79"]
[EventDate "1994.03.??"]
[Source "www.chesslib.no"]
[SourceDate "2004.05.04"]

1. e3 g6 2. f4 Bg7 3. Nf3 d5 4. Be2 Nf6 5. O-O O-O 6. d3 b6 7. Qe1 c5 8. Qh4 Nc6 9. a4 Bb7 10. Kh1 Ne8 11. Qh3 Nd6 12. g4 e5 13. f5 e4 14. dxe4 Nxe4 15. c3 d4 16. exd4 cxd4 17. Kg1 dxc3 18. Nxc3 Nd4 19. Bd1 Rc8 20. Nxe4 Nxf3+ 21. Bxf3 Bxe4 22. Bxe4 Qd4+ 23. Qe3 Rfe8 24. Qxd4 Bxd4+ 25. Kg2 Rxe4 26. Kf3 gxf5 27. gxf5 Rh4 28. Bf4 Bxb2 29. Rad1 Rc3+ 30. Kg2 Rg4+ 31. Kh1 Rc6 32. h3 Rh4 33. Rg1+ Kf8 34. Bd6+ Rxd6 35. Rxd6 Ke7 36. Rd2 Be5 37. Rg4 Rxh3+ 38. Kg1 Kf6 39. Rd7 a5 40. Rc4 1-0

[Event "Oberliga Nord O 9697"]
[Site "?"]
[Date "1997.??.??"]
[Round "?"]
[White "Simon Ralf-Axel"]
[Black "Maksimenko Andrei"]
[Result "1/2-1/2"]
[WhiteElo "2205"]
[BlackElo "2545"]
[PlyCount "51"]
[EventDate "1997.??.??"]
[Source "www.chesslib.no"]
[SourceDate "2004.05.04"]

1. e3 g6 2. d4 Bg7 3. c4 d6 4. Nc3 Nd7 5. Be2 e5 6. Nf3 Ngf6 7. b3 O-O 8. Qc2 Re8 9. Ba3 exd4 10. Nxd4 c5 11. Ndb5 Bf8 12. Rd1 Re6 13. Bb2 a6 14. Na3 Rb8 15. O-O Re8 16. Rd2 b6 17. Re1 Bb7 18. Bf1 Bc6 19. Qd3 Rb7 20. Ba1 Be7 21. e4 Bf8 22. f3 h5 23. Red1 h4 24. h3 Nh5 25. Rc1 Bg7 26. Ne2 1/2-1/2

[Event "Donau Open"]
[Site "Aschach AUT"]
[Date "1995.??.??"]
[Round "3"]
[White "Hellmayr, Alois"]
[Black "Haba, Petr"]
[Result "0-1"]
[WhiteElo "2305"]
[BlackElo "2440"]
[PlyCount "48"]
[EventDate "1995.??.??"]
[Source "www.chesslib.no"]
[SourceDate "2004.05.04"]

1. e3 g6 2. c4 Bg7 3. Nc3 Nf6 4. Qc2 O-O 5. Nf3 c5 6. a3 Nc6 7. Be2 b6 8. O-O d5 9. cxd5 Nxd5 10. Rd1 Bb7 11. Rb1 Rc8 12. d3 Nd4 13. exd4 cxd4 14. Nxd4 Bxd4 15. Bd2 e5 16. Qb3 Qh4 17. Ne4 Nf4 18. Bxf4 Qxf4 19. g3 Qh6 20. Nd6 Bxf2+ 21. Kxf2 Qxh2+ 22. Ke1 Qxg3+ 23. Kd2 e4 24. Nf5 gxf5 0-1

[Event "BL2-S 9495"]
[Site "GER"]
[Date "1995.??.??"]
[Round "?"]
[White "Messmer, Martin"]
[Black "Schlindwein, Rolf"]
[Result "1/2-1/2"]
[WhiteElo "2315"]
[BlackElo "2425"]
[PlyCount "102"]
[EventDate "1994.??.??"]
[Source "www.chesslib.no"]
[SourceDate "2004.05.04"]

1. e3 d5 2. Nf3 Nf6 3. c4 c6 4. Nc3 Bf5 5. cxd5 cxd5 6. Qb3 Bc8 7. d4 e6 8. Bd2 Nc6 9. Rc1 Bd6 10. Be2 Ne4 11. Nxe4 dxe4 12. Ne5 Bxe5 13. dxe5 O-O 14. Bc3 Qg5 15. O-O Nxe5 16. Qb5 f6 17. Bxe5 a6 18. Bxf6 Qxb5 19. Bxb5 gxf6 20. Ba4 Kf7 21. Rc7+ Kg6 22. Rd1 Rb8 23. h3 h6 24. Bb3 f5 25. f4 exf3 26. gxf3 b5 27. Kf2 Kf6 28. Rd6 a5 29. f4 a4 30. Bd5 Re8 31. Bf3 Re7 32. Rcc6 Bd7 33. Rc7 Be8 34. Rc5 Rd7 35. Rxd7 Bxd7 36. Rc7 Rd8 37. a3 Be8 38. Ke2 b4 39. Rc5 Rb8 40. axb4 Rxb4 41. Rc2 Bb5+ 42. Kd2 e5 43. fxe5+ Kxe5 44. Rc5+ Kf6 45. Kc2 Bf1 46. Bd5 Bxh3 47. Kc3 Rh4 48. Bc6 h5 49. Ra5 Bf1 50. Bd7 Rc4+ 51. Kd2 Bh3 1/2-1/2

[Event "AUT Ch"]
[Site "Voitsberg"]
[Date "1995.??.??"]
[Round "8"]
[White "Wach, Markus"]
[Black "Hoelzl, Franz"]
[Result "1/2-1/2"]
[WhiteElo "2385"]
[BlackElo "2355"]
[PlyCount "39"]
[EventDate "1995.??.??"]
[Source "www.chesslib.no"]
[SourceDate "2004.05.04"]

1. e3 g6 2. f4 Bg7 3. Nf3 d6 4. d3 e5 5. fxe5 dxe5 6. e4 Ne7 7. Be2 O-O 8. O-O c5 9. Nbd2 Nbc6 10. c3 b6 11. Nc4 f6 12. Be3 Bb7 13. a3 Nc8 14. b4 cxb4 15. axb4 Nd6 16. Nfd2 Kh8 17. Nxd6 Qxd6 18. Nc4 Qc7 19. Qb3 f5 20. Bf3 1/2-1/2

[Event "White Nights op"]
[Site "?"]
[Date "1999.??.??"]
[Round "1"]
[White "Vunder Andrei"]
[Black "Kulicov Oleg Anatolie"]
[Result "1-0"]
[WhiteElo "2264"]
[BlackElo "2475"]
[PlyCount "65"]
[EventDate "1999.??.??"]
[Source "www.chesslib.no"]
[SourceDate "2004.05.04"]

1. e3 g6 2. c4 Bg7 3. Nc3 Nf6 4. Nf3 O-O 5. Be2 d6 6. d4 Nbd7 7. b3 e5 8. Bb2 Re8 9. Qc2 Nf8 10. dxe5 dxe5 11. Rd1 N6d7 12. O-O e4 13. Nd2 f5 14. c5 Ne6 15. b4 Qg5 16. Nd5 c6 17. Bxg7 cxd5 18. Ba1 f4 19. Kh1 Ne5 20. Qb2 Nc7 21. f3 fxe3 22. f4 Qh6 23. fxe5 Be6 24. Nb3 Rf8 25. Rf6 Rae8 26. Rdf1 Rxf6 27. Rxf6 Rf8 28. Qc1 Rxf6 29. exf6 Kf7 30. Bd4 Qf4 31. Bxe3 Qxf6 32. Bd4 Qf5 33. g4 1-0

[Event "Melbourne Masters"]
[Site "Melbourne AUS"]
[Date "1990.??.??"]
[Round "2"]
[White "Depasquale, Chris"]
[Black "Gedevanishvili, Dmitry"]
[Result "1-0"]
[WhiteElo "2315"]
[BlackElo "2420"]
[PlyCount "67"]
[EventDate "1990.??.??"]
[Source "www.chesslib.no"]
[SourceDate "2004.05.04"]

1. e3 Nf6 2. b3 g6 3. Bb2 Bg7 4. g4 h6 5. f4 e5 6. g5 hxg5 7. fxe5 Nh5 8. Qf3 Nc6 9. d4 d6 10. Bc4 O-O 11. exd6 Bf5 12. Ne2 g4 13. Qf2 cxd6 14. Nbc3 d5 15. Bxd5 Nb4 16. e4 Nxc2+ 17. Kd1 Nb4 18. Bc4 g3 19. hxg3 Bg4 20. Kc1 Rc8 21. Kb1 Nc6 22. Ba3 Nxd4 23. Bxf8 Rxc4 24. Bxg7 Nxe2 25. Qe3 Kxg7 26. bxc4 Qa5 27. Nxe2 Bxe2 28. Qxe2 Nf6 29. a3 Qa4 30. Ka2 b5 31. cxb5 Nxe4 32. Qb2+ f6 33. Rac1 Qa5 34. Qb4 1-0

[Event "POL Ch 34th"]
[Site "Piotrkow Trybunalski"]
[Date "1977.02.16"]
[Round "3.4"]
[White "Pokojowczyk, Jerzy"]
[Black "Skrobek, Ryszard"]
[Result "0-1"]
[WhiteElo "2345"]
[BlackElo "2390"]
[PlyCount "62"]
[EventDate "1977.02.??"]
[Source "www.chesslib.no"]
[SourceDate "2004.05.04"]

1. e3 g6 2. f4 Bg7 3. Nf3 Nf6 4. b3 Ne4 5. d4 d5 6. Bd3 c5 7. O-O Bg4 8. Bb2 Nc6 9. c3 cxd4 10. exd4 O-O 11. Nbd2 f5 12. Qe1 Bxf3 13. Nxf3 e6 14. Kh1 Qc7 15. Qe3 Bf6 16. Rac1 Qg7 17. a3 h6 18. c4 g5 19. g3 gxf4 20. gxf4 Kh7 21. Rg1 Qe7 22. Ne5 Nxe5 23. dxe5 Bh4 24. Bxe4 dxe4 25. Rcd1 Rfd8 26. Rd6 Rg8 27. Rgd1 Rg7 28. Bc3 Rag8 29. Qh3 Bf2 30. Qf1 e3 31. h3 Qh4 0-1

[Event "COL-ch28"]
[Site "Manizales"]
[Date "1979.??.??"]
[Round "14"]
[White "Agudelo, Antonio"]
[Black "Zapata, Alonso"]
[Result "1/2-1/2"]
[WhiteElo "2345"]
[BlackElo "2375"]
[PlyCount "122"]
[EventDate "1979.??.??"]
[Source "www.chesslib.no"]
[SourceDate "2004.05.04"]

1. e3 g6 2. f4 Bg7 3. Nf3 c5 4. Be2 Nf6 5. O-O b6 6. Qe1 Bb7 7. d3 d5 8. Qh4 Nbd7 9. g4 h6 10. c3 Qc7 11. Qg3 O-O-O 12. Nbd2 Ne8 13. d4 Nd6 14. Ne5 Nf6 15. a4 Kb8 16. a5 Nfe4 17. Qg2 e6 18. Bd3 g5 19. axb6 axb6 20. Ba6 f6 21. Nd3 Bxa6 22. Rxa6 Kb7 23. Ra3 c4 24. Nxe4 Nxe4 25. Nf2 f5 26. Nxe4 fxe4 27. f5 exf5 28. gxf5 Bf6 29. Bd2 Ra8 30. Be1 Rxa3 31. bxa3 Ra8 32. Qb2 Qe7 33. Bg3 Rxa3 34. Be5 Rb3 35. Qa2 Rb5 36. Ra1 Ra5 37. Qb2 Rxa1+ 38. Qxa1 Bxe5 39. dxe5 Qxe5 40. Qf1 Qf6 41. Kg2 Kc6 42. Qa1 Kb7 43. Qf1 h5 44. Qf2 Kc7 45. Qa2 Qxf5 46. Qa7+ Kc6 47. Qa8+ Kd6 48. Qd8+ Qd7 49. Qxb6+ Ke7 50. h3 Qe6 51. Qa7+ Kf6 52. Qh7 Qf7 53. Qh6+ Kf5 54. Kg1 Qg6 55. Qf8+ Qf6 56. Qg8 Ke5 57. Qe8+ Kd6 58. Qb8+ Ke6 59. Qe8+ Qe7 60. Qxh5 Kd6 61. Qh8 Kc7 1/2-1/2

[Event "Ch (Women) Bled SLO"]
[Site "?"]
[Date "2003.01.17"]
[Round "3"]
[White "Pimentel William"]
[Black "Lima Darcy"]
[Result "0-1"]
[WhiteElo "2198"]
[BlackElo "2521"]
[PlyCount "138"]
[EventDate "2003.??.??"]
[Source "www.chesslib.no"]
[SourceDate "2004.05.04"]

1. e3 g6 2. b3 Bg7 3. Nc3 e5 4. Bb2 Ne7 5. g3 d5 6. Bg2 O-O 7. Nge2 c5 8. O-O Nbc6 9. f4 e4 10. Na4 Bxb2 11. Nxb2 Re8 12. c4 dxc4 13. Nxc4 f5 14. g4 fxg4 15. Ng3 Nf5 16. Nxe4 Qe7 17. Qc1 Rf8 18. Ne5 Nxe5 19. fxe5 Qxe5 20. Qxc5 Qxc5 21. Nxc5 Rb8 22. Bd5+ Kg7 23. Rac1 Re8 24. e4 Nd6 25. Nd3 Re7 26. Rfe1 Ne8 27. e5 Nc7 28. Bg2 Bf5 29. Nf4 Rd8 30. Re2 Nb5 31. Nd5 Red7 32. Nf6 Rxd2 33. Rxd2 Rxd2 34. a4 Nd4 35. Rc7+ Kh6 36. Rxh7+ Kg5 37. Ne4+ Bxe4 38. Bxe4 Kf4 39. Bxb7 a5 40. Rf7+ Kxe5 41. Rf2 Rd3 42. Bc8 Nxb3 43. Bxg4 Rd4 44. Re2+ Kf6 45. Re6+ Kf7 46. Bh3 Rxa4 47. Ra6 Nc5 48. Rc6 Nd3 49. Be6+ Kg7 50. Bb3 Ra1+ 51. Kg2 Rc1 52. Ra6 Nc5 53. Ra7+ Kf6 54. Bd5 a4 55. Bc6 Rc4 56. Ra5 g5 57. Kg3 Rc3+ 58. Kg2 a3 59. Be8 Ne4 60. Ra6+ Ke5 61. Ra5+ Kf4 62. Bg6 Rc2+ 63. Kg1 a2 64. Rf5+ Ke3 65. Rf1 Nd2 66. Bxc2 Nxf1 67. Kg2 a1=Q 68. Be4 Kxe4 69. Kh3 Ne3 0-1

[Event "St Petersburg Ch Open"]
[Site "St Petersburg RUS"]
[Date "1992.??.??"]
[Round "?"]
[White "Turikov, Viktor"]
[Black "Solozhenkin, Evgeniy"]
[Result "0-1"]
[WhiteElo "2260"]
[BlackElo "2450"]
[PlyCount "104"]
[EventDate "1992.??.??"]
[Source "www.chesslib.no"]
[SourceDate "2004.05.04"]

1. e3 g6 2. f4 Bg7 3. Nf3 d6 4. d4 Nf6 5. Bd3 O-O 6. O-O c5 7. c3 Nc6 8. Bb5 Qb6 9. Na3 a6 10. Ba4 Qc7 11. Bd2 b5 12. Bb3 e5 13. c4 cxd4 14. exd4 e4 15. cxb5 axb5 16. Ng5 Nxd4 17. Bc3 Nxb3 18. Qxb3 Qb7 19. Nxb5 h6 20. Nxd6 Qxb3 21. axb3 Rxa1 22. Rxa1 hxg5 23. fxg5 Nd5 24. Nxe4 Bf5 25. Nf6+ Bxf6 26. gxf6 Rb8 27. Ra3 Be6 28. Kf2 Nxc3 29. bxc3 Bxb3 30. g4 Be6 31. Kg3 Rc8 32. h3 Kh7 33. g5 Rc5 34. Kh4 Rc4+ 35. Kg3 Re4 36. c4 Rxc4 37. Rd3 Rb4 38. Rc3 Kg8 39. Rd3 Rb3 40. Rxb3 Bxb3 41. Kf4 Kf8 42. Ke5 Ke8 43. Kd6 Kd8 44. h4 Bd1 45. Kc6 Bg4 46. Kd6 Bf3 47. Ke5 Kd7 48. Kf4 Bd1 49. Ke5 Kc6 50. Kd4 Kd6 51. Ke4 Ke6 52. Kf4 Kd5 0-1

[Event "Oberliga Nord O 9697"]
[Site "?"]
[Date "1997.??.??"]
[Round "?"]
[White "Simon Ralf-Axel"]
[Black "Bagirov Vladimir"]
[Result "1/2-1/2"]
[WhiteElo "2205"]
[BlackElo "2505"]
[PlyCount "50"]
[EventDate "1997.??.??"]
[Source "www.chesslib.no"]
[SourceDate "2004.05.04"]

1. e3 d6 2. d4 e5 3. dxe5 dxe5 4. Qxd8+ Kxd8 5. Bc4 f6 6. Nc3 c6 7. Bd2 Kc7 8. O-O-O Nd7 9. Nge2 Ne7 10. Ng3 Nb6 11. Bb3 Bd7 12. Nce4 Nf5 13. Ba5 Nxg3 14. Nxg3 Be7 15. Rd2 Rhd8 16. Rhd1 g6 17. h3 Be8 18. Bg8 h5 19. b4 Rxd2 20. Rxd2 Rd8 21. Rxd8 Kxd8 22. Be6 Bd7 23. Bf7 Be8 24. Be6 Bd7 25. Bf7 Be8 1/2-1/2

[Event "Villa de Benasque 19th op"]
[Site "?"]
[Date "1999.??.??"]
[Round "8"]
[White "Alias Ginel Oscar"]
[Black "Braga Fernando Alberto"]
[Result "0-1"]
[WhiteElo "2248"]
[BlackElo "2461"]
[PlyCount "64"]
[EventDate "1999.??.??"]
[Source "www.chesslib.no"]
[SourceDate "2004.05.04"]

1. e3 d5 2. b3 Nf6 3. Bb2 e6 4. f4 Be7 5. Nf3 b6 6. Ne5 Bb7 7. Be2 O-O 8. O-O c5 9. d4 Nc6 10. Nd2 Rc8 11. Ndf3 Ne4 12. Nxc6 Rxc6 13. Bd3 Rc7 14. c4 dxc4 15. bxc4 Qa8 16. Rc1 Rd8 17. Bb1 Nf6 18. Qe2 Be4 19. Ne5 Bxb1 20. Rxb1 Qe4 21. Qf3 cxd4 22. exd4 Qxf3 23. Rxf3 Ne4 24. Rd3 f6 25. Re1 fxe5 26. Rxe4 exd4 27. Rxe6 Kf7 28. Re4 Rxc4 29. Kf1 Bc5 30. Re2 Rd6 31. Kf2 Re6 32. Red2 Bb4 0-1

[Event "Ch Spain (juniors) (under 20"]
[Site "?"]
[Date "1998.??.??"]
[Round "3"]
[White "Garcia Luengo Leandro"]
[Black "Ortega Hermida Daniel"]
[Result "1/2-1/2"]
[WhiteElo "2303"]
[BlackElo "2401"]
[PlyCount "81"]
[EventDate "1998.??.??"]
[Source "www.chesslib.no"]
[SourceDate "2004.05.04"]

1. e3 g6 2. f4 d6 3. Nf3 Bg7 4. d4 Nf6 5. Be2 O-O 6. O-O b6 7. Bd2 Bb7 8. Be1 Nbd7 9. Bh4 c5 10. c3 Qc7 11. Bd3 e5 12. Be2 Ng4 13. Qd2 exf4 14. exf4 Rfe8 15. Na3 a6 16. Nc2 Ndf6 17. Bxf6 Nxf6 18. Rae1 Re7 19. Bd3 Rae8 20. Na3 Rxe1 21. Rxe1 Rxe1+ 22. Qxe1 b5 23. Qe2 c4 24. Bc2 Kf8 25. Nb1 Qe7 26. Qxe7+ Kxe7 27. Nbd2 Nd5 28. Be4 f5 29. Bxd5 Bxd5 30. Kf2 Kd7 31. Nf1 a5 32. Ne3 Kc6 33. Nxd5 Kxd5 34. Ke3 b4 35. Ng5 h6 36. Nf3 Bf6 37. h4 bxc3 38. bxc3 a4 39. g3 Bd8 40. Ng1 Ba5 41. Ne2 1/2-1/2

[Event "Sweden"]
[Site "?"]
[Date "1999.??.??"]
[Round "10"]
[White "Wikner Arvid"]
[Black "Engqvist Thomas"]
[Result "0-1"]
[WhiteElo "2316"]
[BlackElo "2387"]
[PlyCount "72"]
[EventDate "1999.??.??"]
[Source "www.chesslib.no"]
[SourceDate "2004.05.04"]

1. e3 g6 2. d4 Bg7 3. Bd3 Nf6 4. Nf3 O-O 5. O-O d6 6. Nbd2 Nc6 7. Re1 e5 8. c3 Re8 9. e4 Nh5 10. Nb3 h6 11. h3 Nf6 12. Bd2 Re7 13. Qc2 a5 14. Rad1 Qf8 15. Be3 b6 16. Nbd2 exd4 17. Nxd4 Ne5 18. Bb5 Bb7 19. f4 Ned7 20. Bc6 Qc8 21. b4 Nb8 22. b5 Bxc6 23. bxc6 Qe8 24. Bf2 Nxc6 25. e5 dxe5 26. Nxc6 Qxc6 27. fxe5 Nd7 28. Nf3 Nxe5 29. Nd4 Qc4 30. Re4 Nc6 31. Rxe7 Nxe7 32. Qe4 Nd5 33. h4 Rd8 34. h5 Nxc3 35. Qe7 Rxd4 36. Rxd4 Ne2+ 0-1

[Event "FRA-chT N2 Nord"]
[Site "FRA"]
[Date "2003.03.16"]
[Round "9.3"]
[White "Bouhallel, Rabah"]
[Black "Jossien, Arnaud"]
[Result "0-1"]
[WhiteElo "2346"]
[BlackElo "2355"]
[PlyCount "72"]
[EventDate "2002.10.13"]
[Source "Roberto Alvarez"]
[SourceDate "2003.07.07"]

1. e3 f5 2. b3 Nf6 3. Bb2 e6 4. Nf3 d5 5. c4 c6 6. Qc2 Bd6 7. Nc3 O-O 8. d4 Ne4 9. Ne5 Nd7 10. Nd3 Qg5 11. g3 Qe7 12. Bg2 Ndf6 13. f3 Nxc3 14. Bxc3 b6 15. Rc1 Bb7 16. O-O Rac8 17. Qd2 Rfd8 18. c5 bxc5 19. dxc5 Bc7 20. Qb2 Ba6 21. Rfd1 Bxd3 22. Rxd3 e5 23. b4 Rb8 24. a3 Nd7 25. Qa2 e4 26. fxe4 fxe4 27. Rdd1 Qg5 28. Bd4 Qg4 29. Rf1 h5 30. Rf2 Rf8 31. Rcf1 h4 32. gxh4 Qxh4 33. Rxf8+ Rxf8 34. Rxf8+ Nxf8 35. Bf1 Ne6 36. Qg2 Ng5 0-1

[Event "Melbourne Masters"]
[Site "Melbourne AUS"]
[Date "1993.??.??"]
[Round "3"]
[White "West, Guy"]
[Black "Levi, Eddy"]
[Result "1/2-1/2"]
[WhiteElo "2405"]
[BlackElo "2295"]
[PlyCount "89"]
[EventDate "1993.??.??"]
[Source "www.chesslib.no"]
[SourceDate "2004.05.04"]

1. e3 f5 2. d4 Nf6 3. Bd3 e6 4. c4 b6 5. Nc3 Bb7 6. f3 Bb4 7. Nge2 O-O 8. O-O d6 9. e4 Bxc3 10. Nxc3 fxe4 11. fxe4 e5 12. d5 Nbd7 13. Bg5 a5 14. Ne2 Qe8 15. Ng3 Qg6 16. Qd2 Nc5 17. Bxf6 Rxf6 18. Rxf6 Qxf6 19. Rf1 Qg6 20. Nf5 Re8 21. Rf3 Bc8 22. Rg3 Bxf5 23. Rxg6 Bxg6 24. Qe2 Rf8 25. Bc2 h6 26. b3 Kh7 27. g3 Nd7 28. h3 Nf6 29. Bd3 Kh8 30. Qe3 Kh7 31. a3 Nd7 32. Be2 Nf6 33. Bf3 Kh8 34. Qd3 Kh7 35. Kg2 Kh8 36. b4 axb4 37. axb4 Ra8 38. Kf2 Kh7 39. Ke3 Ra1 40. Qc3 Rb1 41. g4 Rg1 42. Qd2 Rb1 43. Qc3 Rg1 44. Qd2 Rb1 45. Qc3 1/2-1/2

[Event "AUT-chT2S 9596"]
[Site "Austria"]
[Date "1995.??.??"]
[Round "?"]
[White "Raffalt, Manfred"]
[Black "Horvath, G."]
[Result "1/2-1/2"]
[WhiteElo "2255"]
[BlackElo "2440"]
[PlyCount "69"]
[EventDate "1995.??.??"]
[Source "www.chesslib.no"]
[SourceDate "2004.05.04"]

1. e3 c5 2. c4 g6 3. d4 Bg7 4. Nf3 Nf6 5. Be2 O-O 6. O-O cxd4 7. exd4 d5 8. h3 Nc6 9. Nc3 b6 10. Bg5 Bb7 11. Re1 Rc8 12. Rc1 dxc4 13. Bxc4 Na5 14. Bf1 h6 15. Bf4 a6 16. Ne5 b5 17. b4 Nc6 18. Nxc6 Bxc6 19. Be5 Qb6 20. Qb3 e6 21. a4 Rfd8 22. axb5 axb5 23. Qa2 Nd5 24. Nxd5 Bxd5 25. Qa5 Qxa5 26. bxa5 Bc4 27. a6 Rd7 28. Bxg7 Kxg7 29. Re5 Rxd4 30. Rxb5 Bxb5 31. Rxc8 Rd1 32. a7 Rxf1+ 33. Kh2 Bc6 34. Rxc6 Ra1 35. Rc7 1/2-1/2